00581nam a2200145Ia 4500008004100000024004400041082001900085100006100104245005200165260002500217600003400242650003300276952010900309999001700418250506s9999 xx 000 0 und d a07A-013-TE, 07B-054-TE & 07B-053-TE a629.366072 PER aSyed Wajahat Pervez, Danish Iqbal & Mohammad Wajahat Ali 0aVision Based Intelligent Traffic Control System aKarachi:bUIT,c2007 aTelecommunication Engineering aBachelor of Engineering (BE) 001040708PR-TEaUITUbUITUd2022-07-26l0o629.366072 PERpTE-48r2025-05-06 11:34:20w2025-05-06yPR c28276d28276